| 000 | 00902pam a2200289 a 4500 | ||
|---|---|---|---|
| 001 | 74807 | ||
| 003 | BD-RjUL | ||
| 005 | 20211209082615.0 | ||
| 008 | 840713s1985 nyua b 001 0 eng | ||
| 020 | _a0442208669 | ||
| 035 | _a(BD-RjUL)75025 | ||
| 040 |
_aDLC _cDLC _dDLC _beng |
||
| 041 | _aeng | ||
| 043 |
_an-us--- _an-cn--- |
||
| 082 | 0 | 0 |
_a595.70973 _223 _bARA 1985 |
| 100 | 1 |
_aArnett, Ross H. _9225684 |
|
| 245 | 1 | 0 |
_aAmerican insects : _ba handbook of the insects of America north of Mexico / _cRoss H. Arnett, Jr. |
| 260 |
_aNew York : _bVan Nostrand Reinhold, _cc1985. |
||
| 300 |
_axiii, 850 p. : _bill. ; _c29 cm. |
||
| 504 | _aIncludes bibliographies and index. | ||
| 650 | 0 |
_aInsects _zUnited States. _9225685 |
|
| 650 | 0 |
_aInsects _zCanada. _9225686 |
|
| 906 |
_a7 _bcbc _corignew _d1 _eocip _f19 _gy-gencatlg |
||
| 942 |
_2ddc _cBK |
||
| 999 |
_c74807 _d74807 |
||